00715nam a2200181 i 450000100060000000300090000600500170001500700030003200800410003510000430007624500780011926000730019730000220027071000720029285200310036499900170039595201210041257573ES-MaACL20230906163614.0t|031016s1977 sp ||||1| spa d1 aDomínguez Caparrós, José.94519710aIntroducción al comentario de textos / cJosé Domínguez Caparrós. aMadrid : bInstituto Nacional de Ciencias de la Educación, c1977. a151 p. ; c18 cm.2 aInstituto Nacional de Ciencias de la Educación (España)9134529 aES-MaACLjA-8570 bR.97047 c57573d57573 00104070aATENEOMbATENEOMcDEPO1d2008-01-17eSCl0oA-8570p1060440r2023-02-23 00:00:00w2023-02-23yMONOGRAFIA